00481nam a2200169Ia 4500008004100000040001900041041001200060082002000072100001600092245004900108260002500157300001900182440003300201650004100234651001800275850001800293131103s9999 xx 000 0 und d aLoreto College aEnglish a844/MONbLCLIB/ aGide, Andre 4aThe living thoughts of MontaignecAndre Gide aLondonbCasselc1946 a138p. c 18cm. aThe living thoughts library aMontaigne, Seigneur De - 1533 - 1592 aFrench essays aLCLIB/844/MON